000 01089cam a22002534a 4500
001 13722234
005 20050803174558.0
008 040916s2005 miu b 001 0 eng
010 _a 2004056360
020 _a0802828752 (alk. paper)
040 _aDLC
_cDLC
_dDLC
042 _apcc
050 0 0 _aBV4501.3
_b.P47 2005
100 1 _aPeterson, Eugene H.,
_d1932-
245 1 0 _aChrist plays in ten thousand places :
_ba conversation in spiritual theology /
_cEugene H. Peterson.
260 _aGrand Rapids, Mich. :
_bW.B. Eerdmans,
_cc2005.
300 _axii, 368 p. ;
_c24 cm.
504 _aIncludes bibliographical references (p. 343-353) and indexes.
650 0 _aSpiritual life
_xPresbyterian Church.
906 _a7
_bcbc
_corignew
_d1
_eocip
_f20
_gy-gencatlg
942 _2lcc
_cBK
999 _c37231
_d37231